| 000 | 00538nam a2200193 a 4500 | ||
|---|---|---|---|
| 001 | 1068 | ||
| 003 | CDMR | ||
| 005 | 20131113120649.0 | ||
| 008 | 130130s1963||||||||||||||||||||||||||||d | ||
| 040 |
_aCDMR _bcat _cCDMR |
||
| 100 | 1 |
_aAmestoy, Alfredo _9840 |
|
| 245 | 1 | 3 | _aEl reportero |
| 260 |
_aMadrid _c1963 _bBenzal |
||
| 300 | _a204 p. | ||
| 490 | 0 |
_aLibros de Periodismo RIALP. _aManuales y libros técnicos _v4 |
|
| 650 | 0 | 4 |
_92030 _aPeriodisme _xOrientació professional |
| 650 | 0 | 4 |
_93083 _aCompetències professionals |
| 942 |
_cMON _2udc |
||
| 999 |
_c1068 _d1068 |
||